Studii de poÉtica si stilistica

Wedi'i Gadw mewn:
Manylion Llyfryddiaeth
Prif Awdur: Vianu, Tudor
Fformat: Llyfr
Iaith:Undetermined
Cyhoeddwyd: Bucarest, Rumania Pentru Literatura 1966
Pynciau:
Tagiau: Ychwanegu Tag
Dim Tagiau, Byddwch y cyntaf i dagio'r cofnod hwn!

MARC

LEADER 00000nam a2200000Ia 4500
008 170316s9999 xx 000 0 und d
040 |a cru BVZT 
090 |a 859 V-1s 
100 |a Vianu, Tudor 
245 |a Studii de poÉtica si stilistica 
260 |a Bucarest, Rumania 
260 |b Pentru Literatura 
260 |c 1966 
300 |a 481páginas 
650 |a LITERATURA RUMANA 
999 |c 8277  |d 8277 
942 |c 15 D  |h 859 V-1s  |2 z